00836nam a2200265 a 4500001001300000003000900013005001700022008004100039020002400080082001500104100001800119245005800137260005000195300000900245500003500254505004000289650002800329650002500357650002000382700001800402902000800420942000700428952011800435999001700553nice12345678IN_TiNIC20260116014038.0050524s2000 cama grp 000 0 eng  a0521749 c230000a297.5bCOO aCook, Michael aCommanding Right and Forbidding Wrong Islamic Thought aCambridge bCambridge University Press c2000 a702p aincludes index and biblioraphy2 aBibliographical Reference and Index aIslamic-Law Halal Haram aIslam-Moral Theology aIslam-Doctrines1 aCook, Michael bSRS cBK 001040708StackRoom-aHMIbHMId2007-07-03g2300.00l0o297.5 COOp020043r2007-07-03v2300.00w2005-05-24yBK c13643d13643